| 000 | 00735nam a2200265 a 4500 | ||
|---|---|---|---|
| 001 | 56649 | ||
| 003 | BD-RjUL | ||
| 005 | 20211209080423.0 | ||
| 008 | 161203t19781953nyua b 001 0 eng | ||
| 020 | _a0023248807 | ||
| 020 | _a0029787203 | ||
| 035 | _a(BD-RjUL)56773 | ||
| 040 |
_aDLC _cDLC _dDLC _beng |
||
| 041 | _aeng | ||
| 082 | 0 | 0 |
_a160 _223 _bCOI 1978 |
| 100 | 1 |
_aCopi, Irving M. _9168242 |
|
| 245 | 1 | 0 |
_aIntroduction to logic / _cIrving M. Copi. |
| 250 | _a5th ed. | ||
| 260 |
_aNew York : _bMacmillan Publishing co., Inc., _cc1978. |
||
| 300 |
_axiv, 590 p. : _bill. ; _c24 cm. |
||
| 504 | _aIncludes bibliographical references and index. | ||
| 650 | 0 |
_aLogic. _9168506 |
|
| 942 |
_2ddc _cBK |
||
| 999 |
_c56649 _d56649 |
||